<?xml version="1.0" encoding="UTF-8"?>
<marc:record xmlns:marc="http://www.loc.gov/MARC21/slim">
   <marc:leader>00000nam a2200000 a 4500</marc:leader>
   <marc:datafield ind1="1" ind2=" " tag="100">
      <marc:subfield code="a">Lenz, Sabine</marc:subfield>
      <marc:subfield code="4">aut</marc:subfield>
      <marc:subfield code="e">Verfasser/-in</marc:subfield>
   </marc:datafield>
   <marc:datafield ind1=" " ind2=" " tag="653">
      <marc:subfield code="a">Krebskranker</marc:subfield>
   </marc:datafield>
   <marc:datafield ind1=" " ind2=" " tag="653">
      <marc:subfield code="a">Psychische Verarbeitung</marc:subfield>
   </marc:datafield>
   <marc:datafield ind1=" " ind2=" " tag="653">
      <marc:subfield code="a">Akzeptanz</marc:subfield>
   </marc:datafield>
   <marc:datafield ind1=" " ind2=" " tag="653">
      <marc:subfield code="a">Psychotherapeutin</marc:subfield>
   </marc:datafield>
   <marc:datafield ind1=" " ind2=" " tag="653">
      <marc:subfield code="a">Begleitung</marc:subfield>
   </marc:datafield>
   <marc:datafield ind1=" " ind2=" " tag="653">
      <marc:subfield code="a">Psychoonkologie</marc:subfield>
   </marc:datafield>
   <marc:datafield ind1=" " ind2=" " tag="653">
      <marc:subfield code="a">Softcover / Ratgeber/Lebenshilfe</marc:subfield>
   </marc:datafield>
   <marc:datafield ind1=" " ind2=" " tag="653">
      <marc:subfield code="a">Alltag/Lebensführung</marc:subfield>
   </marc:datafield>
   <marc:datafield ind1=" " ind2=" " tag="653">
      <marc:subfield code="a">Persönliche Entwicklung</marc:subfield>
   </marc:datafield>
   <marc:datafield ind1="0" ind2="0" tag="245">
      <marc:subfield code="a">Die Fähigkeit zu sterben</marc:subfield>
   </marc:datafield>
   <marc:datafield ind1="0" ind2="0" tag="245">
      <marc:subfield code="b">meine psychologische Arbeit mit Krebskranken</marc:subfield>
   </marc:datafield>
   <marc:datafield ind1="0" ind2="0" tag="245">
      <marc:subfield code="c">Sabine Lenz</marc:subfield>
   </marc:datafield>
   <marc:datafield ind1=" " ind2="1" tag="264">
      <marc:subfield code="a">Reinbek bei Hamburg</marc:subfield>
      <marc:subfield code="b">Rowohlt</marc:subfield>
      <marc:subfield code="c">2014</marc:subfield>
   </marc:datafield>
   <marc:datafield ind1="1" ind2=" " tag="520">
      <marc:subfield code="a">Angaben aus der Verlagsmeldung

Die Fähigkeit zu sterben : Meine psychologische Arbeit mit Krebskranken Lenz, Die Fähigkeit zu sterben / von Sabine Lenz

Wie gehen Menschen mit der Diagnose Krebs um – zu einem Zeitpunkt, wo der mögliche Tod noch weit weg scheint? Wo das körperliche Leiden ihr Bewusstsein noch nicht beherrscht? Wenn Sterben und Tod noch ein psychisches Problem und keine Erlösung sind? Sabine Lenz arbeitet seit vielen Jahren als Psychoonkologin in einem Krankenhaus in der Schweiz. Sie betreut todkranke Krebspatienten und weiß, welchen seelischen Belastungen sie ausgesetzt sind. Und sie weiß auch, welche Fragen die Menschen in dieser Situation umtreiben: Warum hat es mich getroffen? Kann ich das Unausweichliche wirklich annehmen? Und: Hat diese Erkrankung vielleicht sogar einen Sinn? Sabine Öenz versucht in ihrer Arbeit, dem Tod den Schrecken zu nehmen. In ihren Geschichten zeigt sie mit viel literarischem Feingefühl, wie unterschiedlich Menschen, die sich mit dem Ende ihres Lebens auseinandersetzen müssen, reagieren – mit Wut, Verzweiflung, Verleugnung und manchmal auch mit Würde und tiefer Ruhe. Ein sehr ehrliches, tröstliches Buch über die Frage, wie wir leben und uns mit dem Sterben auseinandersetzen, lange, bevor es so weit ist.
</marc:subfield>
   </marc:datafield>
   <marc:datafield ind1=" " ind2=" " tag="020">
      <marc:subfield code="a">9783498038038</marc:subfield>
      <marc:subfield code="9">9783498038038</marc:subfield>
   </marc:datafield>
   <marc:datafield ind1=" " ind2=" " tag="020">
      <marc:subfield code="a">3498038036</marc:subfield>
      <marc:subfield code="9">3498038036</marc:subfield>
   </marc:datafield>
   <marc:datafield ind1=" " ind2=" " tag="041">
      <marc:subfield code="a">ger</marc:subfield>
   </marc:datafield>
   <marc:datafield ind1=" " ind2=" " tag="300">
      <marc:subfield code="a">205 S.</marc:subfield>
   </marc:datafield>
</marc:record>
